00635nam a2200169 a 450000100100000000500170001000800410002704000250006808200140009310000320010724500910013926000570023030000210028770000270030895201130033599900170044800003628720200930075640.0120112s1954 ag 000 0 spa d aDO-SdBNPbspacBNPHU axxxbG6231 aGoldschmidt, Roberto96241213aEl fideicomiso (Trust) en el derecho comparado /cRoberto Goldschmidt, Phanor J. Eder. aBuenos Aires, Argentina :bEdiciones Arayú,c1954. a152 p. ;c24 cm.1 aEder, Phanor J.962413 0010507-18MOaGRbGRcOId2012-01-12iLF1l0oxxx G623p36288-10r2020-06-25w2020-06-25y1ZNo se presta c35778d35778